Ciencia, tecnología y desarrollo : un triángulo vital /

Emisión del programa Nexos TV del 15 de enero de 1998, centrada en la relación entre la ciencia, la tecnología y el desarrollo económico. Toman parte en la discusión Carlos Bazdresch Parada, director general del Consejo Nacional de Ciencia y Tecnología (CONACYT); José Giral, presidente de la Fundaci...

Full description

Saved in:
Bibliographic Details
Main Author: Cordera Campos, Rolando (dir. general)
Other Authors: Sánchez Rebolledo, Adolfo (coordinación) (coordinación), Gutiérrez, Marcela (producción) (producción), Galván, Ana (guión) (guión), Uriarte, Luis de (guión) (guión), Aguilar Camín, Héctor (asesoría) (asesoría), Bazdresch Parada, Carlos (conferencia) (conferencia), Giral, José (conferencia) (conferencia), Martínez Palomo, Adolfo (conferencia) (conferencia)
Format: Slide
Language:Español
Published: México : Televisión Azteca, 1998, c1998
Series:(Nexos TV ; 461)
Subjects:
Tags: Add Tag
No Tags, Be the first to tag this record!

MARC

LEADER 00000ngm^a2200000^a^4500
001 000275762
005 20250521000000.0
009 20260310111242.078
037 |a Acervo ITESO - Biblioteca 
041 |a ESP 
082 |a 320. 972  |b NEX V. 461 
100 |a Cordera Campos, Rolando  |e (dir. general) 
240 1 1 |a [Nexos TV] 
245 1 0 |a Ciencia, tecnología y desarrollo :  |b un triángulo vital /  |c Dir. general de R. Cordera Campos. 
264 4 |a México :  |b Televisión Azteca,  |c 1998, c1998 
300 |a 1 videocasete VHS  |c (54 min.) 
336 |a imagen móvil bidimensional  |b tdi  |2 rdacontenido 
337 |a video  |b v  |2 rdamedio 
338 |a videocasete  |b vf  |2 rdasoporte 
440 1 |a (Nexos TV ;  |v 461) 
520 |a Emisión del programa Nexos TV del 15 de enero de 1998, centrada en la relación entre la ciencia, la tecnología y el desarrollo económico. Toman parte en la discusión Carlos Bazdresch Parada, director general del Consejo Nacional de Ciencia y Tecnología (CONACYT); José Giral, presidente de la Fundación Mexicana para la Calidad Total y consultor del CONACYT, y Adolfo Martínez Palomo, director general del Centro de Investigación y de Estudios Avanzados (CINVESTAV) del Instituto Politécnico Nacional (IPN). El conflicto de Chiapas y sus procesos de pacificación son abordados en dos conversaciones de la sección En la semana: con Pablo González Casanova, miembro de la Comisión Nacional de Intermediación (CONAI), y con Arnaldo Córdova, investigador del Instituto de Investigaciones Sociales de la Universidad Nacional Autónoma de México (UNAM). 
649 |a XX 
650 |a Programas de Opinión y Debate 
650 |a Debates y el Arte de Discutir 
650 |a Ciencia y Desarrollo -  |z México -  |x Tema Principal 
650 |a Desarrollo Tecnológico -  |z México -  |x Tema Principal 
650 |a Desarrollo Económico-Social -  |z México -  |x Tema Principal 
650 |a Tecnología y Sociedad -  |z México 
650 |a Política Científica y Tecnológica -  |z México -  |x Historia -  |y 1994-2000 
650 |a Política Científica y Tecnológica -  |z México -  |x Historia -  |y Siglo XX 
650 |a Sociología de la Ciencia 
650 |a Sociología de la Economía 
650 |a México -  |x Condiciones Tecnológicas 
650 |a México -  |x Condiciones Económicas 
650 |a Economía -  |z México -  |x Historia -  |y 1994-2000 
650 |a Economía -  |z México -  |x Historia -  |y Siglo XX 
650 |a Pacificación -  |z México 
650 |a Negociación y Mediación Política -  |z México 
650 |a Concertación Política -  |z México 
650 |a Guerra de Chiapas, 1994 
650 |a Guerra y Paz -  |z México 
650 |a México -  |x Condiciones Políticas 
650 |a Política -  |z México -  |x Historia -  |y 1994-2000 
650 |a Política -  |z México -  |x Historia -  |y Siglo XX 
700 |a Sánchez Rebolledo, Adolfo  |e (coordinación) 
700 |a Gutiérrez, Marcela  |e (producción) 
700 |a Galván, Ana  |e (guión) 
700 |a Uriarte, Luis de  |e (guión) 
700 |a Aguilar Camín, Héctor  |e (asesoría) 
700 |a Bazdresch Parada, Carlos  |e (conferencia) 
700 |a Giral, José  |e (conferencia) 
700 |a Martínez Palomo, Adolfo  |e (conferencia) 
910 |a Fondo General 
920 |a Audiovisuales - Videocasetes 
905 |a 301 
901 |a 0500074199  |b IT2  |c VIS  |u 20250521 
902 |a https://opac.biblio.iteso.mx/vufind/Record/000275762